[Event "Las Americas Team op U2400 Hybrid"]
[Site "Internet"]
[Date "2022.05.14"]
[Round "3.6"]
[White "Munoz Aguilar, Conrado"]
[Black "Herrera Arboleda, Kerly Danna"]
[Result "1-0"]
[WhiteElo "1840"]
[BlackElo "1740"]
[PlyCount "59"]
[EventDate "2022.05.14"]
[EventType "team-swiss"]
[EventRounds "5"]
[EventCountry "VEN"]
[SourceTitle "EXT 2023"]
[Source "ChessBase"]
[SourceDate "2022.10.05"]
[SourceVersion "1"]
[SourceVersionDate "2022.10.05"]
[SourceQuality "1"]

1. e4 e5 2. Nf3 Nc6 3. Bc4 Bc5 4. c3 Nf6 5. d4 exd4 6. cxd4 Bb4+ 7. Nc3 Nxe4 8. 0-0 Bxc3 9. d5 Bf6 10. Re1 Ne7 11. Rxe4 d6 12. Bg5 Bxg5 13. Nxg5 h6 14. Qe2 hxg5 15. Re1 Be6 16. dxe6 f6 17. Re3 c6 18. b4 Qb6 19. Rb3 d5 20. Bd3 0-0-0 21. Reb1 Rh6 22. a4 Rdh8 23. h3 Qd4 24. Qc2 g4 25. Qc5 Qxc5 26. bxc5 b6 27. cxb6 axb6 28. Rxb6 gxh3 29. Rb7 hxg2 30. Rxe7 1-0

[Event "Las Americas Team op U2400 Hybrid"]
[Site "Internet"]
[Date "2022.05.14"]
[Round "1.9"]
[White "Ortega Beltran, Ximena"]
[Black "Herrera Arboleda, Kerly Danna"]
[Result "1-0"]
[WhiteElo "1788"]
[BlackElo "1740"]
[PlyCount "67"]
[EventDate "2022.05.14"]
[EventType "team-swiss"]
[EventRounds "5"]
[EventCountry "VEN"]
[SourceTitle "EXT 2023"]
[Source "ChessBase"]
[SourceDate "2022.10.05"]
[SourceVersion "1"]
[SourceVersionDate "2022.10.05"]
[SourceQuality "1"]

1. c4 e6 2. Nc3 Nf6 3. Nf3 d5 4. d4 c6 5. Bf4 Bd6 6. Bxd6 Qxd6 7. c5 Qc7 8. e3 Nbd7 9. b4 a6 10. a4 e5 11. Be2 0-0 12. 0-0 Re8 13. Rb1 exd4 14. Qxd4 Nf8 15. Rbd1 Ne4 16. h3 a5 17. b5 Ne6 18. Qd3 N6xc5 19. Qc2 Nxc3 20. Qxc3 Nxa4 21. Qc2 Nb6 22. Rd4 g6 23. Bd3 f5 24. Rh4 Re4 25. Bxe4 dxe4 26. Ng5 h5 27. Rd1 a4 28. Qa2+ Nd5 29. bxc6 bxc6 30. Rxd5 cxd5 31. Qxd5+ Kg7 32. Qxa8 Kf6 33. Nxe4+ fxe4 34. Rf4+ 1-0

[Event "ECU-ch (Women)"]
[Site "Salinas"]
[Date "2021.12.18"]
[Round "5"]
[White "Herrera Arboleda, Kerly Danna"]
[Black "Guerrero Caicedo, Arlette Sabina"]
[Result "1-0"]
[WhiteElo "1760"]
[BlackElo "1472"]
[PlyCount "42"]
[EventDate "2021.12.16"]
[EventType "swiss"]
[EventRounds "7"]
[EventCountry "ECU"]
[SourceTitle "EXT 2023"]
[Source "ChessBase"]
[SourceDate "2022.10.05"]
[SourceVersion "1"]
[SourceVersionDate "2022.10.05"]
[SourceQuality "1"]

1. e4 d5 2. exd5 Nf6 3. Bb5+ Bd7 4. Bc4 Bf5 5. Nc3 Nbd7 6. d4 a6 7. Bb3 Nb6 8. Qf3 Bg4 9. Qf4 Bh5 10. Qe5 Qd7 11. f3 Bg6 12. Nce2 h6 13. a4 0-0-0 14. Nf4 Qf5 15. g4 Qxe5+ 16. dxe5 Nfd7 17. Nxg6 fxg6 18. a5 Na8 19. d6 Nxe5 20. Kf2 g5 21. Kg2 Ng6 1-0

[Event "ECU-ch (Women)"]
[Site "Salinas"]
[Date "2019.03.06"]
[Round "2"]
[White "Herrera Arboleda, Kerly Danna"]
[Black "Olaya Mantuano, Sandra Isabel"]
[Result "1/2-1/2"]
[WhiteElo "1774"]
[BlackElo "1694"]
[PlyCount "97"]
[EventDate "2019.03.05"]
[EventType "swiss"]
[EventRounds "9"]
[EventCountry "ECU"]
[SourceTitle "EXT 2020"]
[Source "ChessBase"]
[SourceDate "2019.10.17"]
[SourceVersion "1"]
[SourceVersionDate "2019.10.17"]
[SourceQuality "1"]

1. e4 e5 2. Nf3 d6 3. d4 Nd7 4. Bc4 c6 5. c3 b5 6. Bb3 Be7 7. 0-0 Ngf6 8. Nbd2 0-0 9. Re1 Qc7 10. Nf1 a5 11. a4 Nb6 12. axb5 cxb5 13. Ng3 Bb7 14. Qd3 Nc4 15. Nf5 Rfc8 16. Ng5 Bf8 17. Qg3 g6 18. d5 Kh8 19. Ne3 Qd7 20. Nxc4 bxc4 21. Bc2 Rc7 22. Qh4 Bg7 23. Re3 Kg8 24. Rg3 Bc8 25. f4 Qe7 26. fxe5 dxe5 27. Ra4 h6 28. Nf3 Qc5+ 29. Kf1 Nh5 30. Bxh6 Nxg3+ 31. hxg3 Bd7 32. Ra2 Qd6 33. Bg5 f6 34. Be3 Kf7 35. g4 Rh8 36. Qf2 Rh1+ 37. Ng1 a4 38. g5 Ke8 39. Bxa4 Bxa4 40. Rxa4 Kd7 41. Qe2 fxg5 42. Rxc4 Rxc4 43. Qxc4 Qf6+ 44. Ke2 Rh2 45. Qb5+ Kc8 46. Qc5+ Kd7 47. Qb5+ Kc8 48. Qc5+ Kd7 49. Qb5+ 1/2-1/2

[Event "ECU-chT U20 Girls"]
[Site "Carpuela"]
[Date "2014.05.04"]
[Round "4.1"]
[White "Bedoya Ramos, Monica Andrea"]
[Black "Herrera Arboleda, Kerly Danna"]
[Result "1/2-1/2"]
[WhiteElo "1672"]
[BlackElo "1903"]
[PlyCount "60"]
[EventDate "2014.05.03"]
[EventType "team-swiss"]
[EventRounds "7"]
[EventCountry "ECU"]
[SourceTitle "CBM 160 Extra"]
[Source "ChessBase"]
[SourceDate "2014.07.01"]
[SourceVersion "1"]
[SourceVersionDate "2014.07.01"]
[SourceQuality "1"]
[WhiteTeam "Pichincha (W)"]
[BlackTeam "Los Brios (W)"]
[WhiteTeamCountry "ECU"]
[BlackTeamCountry "ECU"]

1. e4 e5 2. Nf3 Nc6 3. d4 exd4 4. Nxd4 Nf6 5. Nxc6 bxc6 6. Bd3 d5 7. Qe2 dxe4 8. Nd2 Bb4 9. 0-0 Bxd2 10. Bxd2 0-0 11. Bc4 Bg4 12. Qe3 Re8 13. h3 Be6 14. Ba6 Qd7 15. Ba5 Rab8 16. b3 Nd5 17. Qd2 f5 18. Be2 Qf7 19. c4 Nb6 20. Qf4 h6 21. h4 Qe7 22. Bd2 Rbd8 23. Be3 Kh7 24. Rfd1 Ra8 25. Rd2 Rg8 26. h5 c5 27. Rad1 Rae8 28. g3 Bc8 29. Kg2 Rgf8 30. a3 Rf7 1/2-1/2

[Event "Guayaquil pre olympic (Women)"]
[Site "Guayaquil"]
[Date "2012.03.23"]
[Round "1"]
[White "Romero Echeverria, Abigail"]
[Black "Herrera Arboleda, Kerly Danna"]
[Result "1-0"]
[WhiteElo "2117"]
[BlackElo "1896"]
[PlyCount "47"]
[EventDate "2012.03.23"]
[EventType "swiss"]
[EventRounds "7"]
[EventCountry "ECU"]
[SourceTitle "EXT 2014"]
[Source "ChessBase"]
[SourceDate "2013.11.20"]
[SourceVersion "1"]
[SourceVersionDate "2013.11.20"]
[SourceQuality "1"]

1. e4 e5 2. Nf3 Nc6 3. d4 exd4 4. Nxd4 Nf6 5. Nxc6 bxc6 6. Bd3 d5 7. exd5 cxd5 8. Bb5+ Bd7 9. Bxd7+ Qxd7 10. 0-0 Be7 11. b3 0-0 12. Bb2 Rfd8 13. Nd2 a5 14. Nf3 c5 15. Re1 a4 16. Ne5 Qc7 17. Qf3 Bd6 18. Qf5 Ne4 19. Ng4 Qc8 20. Qh5 a3 21. Bxg7 Kxg7 22. Rxe4 dxe4 23. Qh6+ Kh8 24. Qf6+ 1-0

[Event "Guayaquil zt 2.3.5 (Women)"]
[Site "Guayaquil"]
[Date "2012.03.05"]
[Round "1"]
[White "Herrera Arboleda, Kerly Danna"]
[Black "Heredia Serrano, Carla Sofia"]
[Result "1/2-1/2"]
[WhiteElo "1896"]
[BlackElo "2142"]
[PlyCount "63"]
[EventDate "2012.03.05"]
[EventType "swiss"]
[EventRounds "9"]
[EventCountry "ECU"]
[SourceTitle "EXT 2013"]
[Source "ChessBase"]
[SourceDate "2012.11.22"]
[SourceVersion "1"]
[SourceVersionDate "2012.11.22"]
[SourceQuality "1"]

1. e4 e6 2. d3 d5 3. Nd2 Nf6 4. g3 dxe4 5. dxe4 Bc5 6. c3 Nc6 7. Qe2 e5 8. h3 a5 9. Ngf3 b6 10. Nc4 Ba6 11. Qc2 Qe7 12. Ne3 Bxf1 13. Kxf1 0-0 14. Kg2 Bxe3 15. Bxe3 Qe6 16. b3 h6 17. a4 Ne7 18. Rae1 Rad8 19. Rhf1 Ng6 20. Kh2 Qc6 21. Bc1 Rd7 22. Nd2 Rfd8 23. Re3 Nh5 24. Nc4 b5 25. axb5 Qxb5 26. Qa2 Rd3 27. Rfe1 Rxe3 28. Bxe3 Rd3 29. Qe2 Rxc3 30. Qxh5 Qxb3 31. Nxe5 Qb5 32. Bd4 1/2-1/2

[Event "Pan American-ch U16 Girls"]
[Site "Cali"]
[Date "2011.07.08"]
[Round "9"]
[White "Loaiza, Yurani"]
[Black "Herrera Arboleda, Kerly Danna"]
[Result "0-1"]
[WhiteElo "1991"]
[BlackElo "1868"]
[PlyCount "40"]
[EventDate "2011.07.03"]
[EventType "swiss"]
[EventRounds "9"]
[EventCountry "COL"]
[SourceTitle "CBM 143 Extra"]
[Source "ChessBase"]
[SourceDate "2011.08.29"]
[SourceVersion "1"]
[SourceVersionDate "2011.08.29"]
[SourceQuality "1"]

1. e4 e5 2. Nc3 Nf6 3. g3 d5 4. exd5 Nxd5 5. Bg2 Nxc3 6. bxc3 Nc6 7. d3 Qf6 8. Bd2 Bc5 9. Nf3 Bg4 10. 0-0 0-0 11. Qe2 Qf5 12. Rfe1 Rae8 13. Rab1 Bb6 14. Be3 e4 15. Bxb6 Bxf3 16. Rb5 Qxb5 17. Bxf3 Qxb6 18. Bxe4 Ne5 19. Qh5 g6 20. Qg5 Nf3+ 0-1

[Event "Pan American-ch U16 Girls"]
[Site "Cali"]
[Date "2011.07.05"]
[Round "4"]
[White "Herrera Arboleda, Kerly Danna"]
[Black "Aguirre, Valeria"]
[Result "1-0"]
[WhiteElo "1868"]
[BlackElo "1666"]
[PlyCount "45"]
[EventDate "2011.07.03"]
[EventType "swiss"]
[EventRounds "9"]
[EventCountry "COL"]
[SourceTitle "CBM 143 Extra"]
[Source "ChessBase"]
[SourceDate "2011.08.29"]
[SourceVersion "1"]
[SourceVersionDate "2011.08.29"]
[SourceQuality "1"]

1. e4 d5 2. exd5 Qxd5 3. Nc3 Qa5 4. d4 Nf6 5. Bc4 c6 6. Nf3 Bg4 7. Bd2 Qc7 8. Qe2 Nbd7 9. Bb3 0-0-0 10. 0-0-0 e6 11. Be3 Nb6 12. h3 Bh5 13. g4 Bg6 14. Ne5 Nfd5 15. Nxd5 Nxd5 16. h4 f6 17. Nxg6 hxg6 18. Bd2 Qd6 19. Kb1 Re8 20. c4 Nf4 21. Qe4 e5 22. Bxf4 exf4 23. Qxe8+ 1-0

[Event "Pan American-ch U20 Girls"]
[Site "Duran"]
[Date "2011.06.06"]
[Round "3"]
[White "Jaramillo Arce, Katherine Jomira"]
[Black "Herrera Arboleda, Kerly Danna"]
[Result "1-0"]
[WhiteElo "1694"]
[BlackElo "1868"]
[PlyCount "67"]
[EventDate "2011.06.05"]
[EventType "swiss"]
[EventRounds "9"]
[EventCountry "ECU"]
[SourceTitle "EXT 2013"]
[Source "ChessBase"]
[SourceDate "2012.11.22"]
[SourceVersion "1"]
[SourceVersionDate "2012.11.22"]
[SourceQuality "1"]

1. d4 Nf6 2. c4 e6 3. Nf3 d5 4. cxd5 exd5 5. Bg5 Be7 6. Nc3 c6 7. Qc2 Nbd7 8. e3 Nf8 9. Bd3 Ng6 10. h3 Bd7 11. Nd2 Rc8 12. f4 Nh5 13. Nf3 Bxg5 14. fxg5 Qe7 15. 0-0-0 Qxe3+ 16. Kb1 0-0 17. Rde1 Qf4 18. Ne2 Qc7 19. g4 Ng3 20. Nxg3 Qxg3 21. Ne5 Rc7 22. Nxd7 Rxd7 23. h4 Re7 24. Reg1 Qf3 25. h5 Nf4 26. Bxh7+ Kh8 27. g6 Re2 28. Rf1 Qg2 29. Qb3 Nh3 30. Qa3 c5 31. dxc5 Nf2 32. c6 Qe4+ 33. Ka1 Rc8 34. gxf7 1-0

[Event "Pan American-ch U20 Girls"]
[Site "Duran"]
[Date "2011.06.05"]
[Round "1"]
[White "Heredia Serrano, Carla Sofia"]
[Black "Herrera Arboleda, Kerly Danna"]
[Result "1-0"]
[WhiteElo "2071"]
[BlackElo "1868"]
[PlyCount "47"]
[EventDate "2011.06.05"]
[EventType "swiss"]
[EventRounds "9"]
[EventCountry "ECU"]
[SourceTitle "EXT 2013"]
[Source "ChessBase"]
[SourceDate "2012.11.22"]
[SourceVersion "1"]
[SourceVersionDate "2012.11.22"]
[SourceQuality "1"]

1. e4 e5 2. Nf3 Nc6 3. Bc4 Bc5 4. c3 Nf6 5. d3 a5 6. 0-0 0-0 7. d4 Be7 8. dxe5 Nxe4 9. Qe2 Nc5 10. Be3 Ne6 11. Rd1 Qe8 12. a4 d6 13. Na3 Nxe5 14. Nxe5 dxe5 15. Nb5 Bd8 16. Bxe6 Qxe6 17. Rxd8 Rxd8 18. Nxc7 Qg6 19. Nxa8 e4 20. Nb6 Bg4 21. Qf1 Qh5 22. Re1 Rd6 23. Qb5 f5 24. Qc4+ 1-0